Masmediálna komunikácia a realita. II., Mediálne kompetencie, média a politika, mediálna fikcia /

Saved in:
Bibliographic Details
Corporate Author Masmediálna komunikácia a realita Smolenice, Slovensko
Other Authors Magál, Slavomír (Editor), Mistrík, Miloš 1953- (Editor), Solík, Martin (Editor)
Format Book
LanguageSlovak
Published Trnava : Fakulta masmediálnej komunikácie UCM, 2009
EditionVyd. 1.
Subjects
ISBN978-80-8105-125-8
Physical Description377 s. : il. ; 21 cm

Cover

LEADER 00000cam a2200000 a 4500
001 115471
003 CZ-ZlUTB
005 20260429082904.0
007 ta
008 100216s2009 xo a f 100 0 slo d
020 |a 978-80-8105-125-8  |q (brož.) 
040 |a BOD031  |b cze  |d ABD103  |d ABD001  |d ZLD002 
072 7 |a 316.4/.7  |x Sociální interakce. Sociální komunikace  |2 Konspekt  |9 18 
080 |a 316.77  |2 MRF 
080 |a 316.774  |2 MRF 
080 |a 111.61  |2 MRF 
080 |a 316.774:32  |2 MRF 
080 |a 82-3  |2 MRF 
080 |a (062.534)  |2 MRF 
111 2 |a Masmediálna komunikácia a realita  |d (2009 :  |c Smolenice, Slovensko) 
245 1 0 |a Masmediálna komunikácia a realita.  |n II.,  |p Mediálne kompetencie, média a politika, mediálna fikcia /  |c Slavomír Magál, Miloš Mistrík, Martin Solík (eds.) 
250 |a Vyd. 1. 
260 |a Trnava :  |b Fakulta masmediálnej komunikácie UCM,  |c 2009 
300 |a 377 s. :  |b il. ;  |c 21 cm 
500 |a Zborník je výstupem z mezinárodní vědecké konference "Masmediálna komunikácia a realita", která se konala ve dnech 29. a 30. dubna 2009 v Smoleniciach 
504 |a Obsahuje bibliografie a bibliografické odkazy 
650 0 7 |a sociální komunikace  |7 ph116206  |2 czenas 
650 0 7 |a masmédia  |7 ph115233  |2 czenas 
650 0 7 |a skutečnost  |7 ph135610  |2 czenas 
650 0 7 |a média  |7 ph115395  |2 czenas 
650 0 7 |a masmédia a politika  |7 ph426669  |2 czenas 
650 0 7 |a fikce  |7 ph120174  |2 czenas 
650 0 9 |a communication  |2 eczenas 
650 0 9 |a mass media  |2 eczenas 
650 0 9 |a reality  |2 eczenas 
650 0 9 |a media  |2 eczenas 
650 0 9 |a mass media and politics  |2 eczenas 
650 0 9 |a fiction  |2 eczenas 
655 7 |a sborníky konferencí  |7 fd133333  |2 czenas 
655 9 |a proceedings of conferences  |2 eczenas 
700 1 |a Magál, Slavomír  |4 edt 
700 1 |a Mistrík, Miloš  |d 1953-  |4 edt 
700 1 |a Solík, Martin  |4 edt 
910 |a ZLD002 
942 |2 udc 
952 |0 0  |1 0  |4 0  |5 0  |6 3166MASMEDIÁLNA  |7 0  |8 BOOK  |9 190717  |a UTBZL  |b UTBZL  |c 030  |d 2026-04-09  |l 0  |o 316.6/MASMEDIÁLNA  |p 420010201957  |r 2026-04-09 13:13:27  |v 380.00  |w 2026-04-09  |x N: dar  |y 05 
992 |b SK 
999 |c 115471  |d 115471